00802nam a2200169Ia 4500008004100000020002200041050002100063100003500084245011200119250001100231260002600242300002400268500014100292650008400433952009800517999001700615120721s9999 xx 000 0 und d a978-607-406-205-2 aKGF7611 A28 2011 aDistrito Federal [Leyes, etc.] aAgenda civil del D.F. 2011 : compendio de leyes, reglamentos y otras disposiciones conexas sobre la materia a21a ed aMéxico : ISEF, 2011 apag. varia ; 17 cm. aIncluye código civil para el D.F. . - - Código Civil Federal . - - Código Federal de Procedimientos Civiles. - - Ley del Notariado a1. Derecho civil - Derecho Federal 2. Procedimiento civil - Distrito FederalÌ 00104070a08b08d2011-10-13l0oKGF7611 A28 2011p08 000263r2012-07-20t1w2012-07-20yLB c83009d83009